<?xml version="1.0" encoding="UTF-8"?>
<record
    xmlns:xsi="http://www.w3.org/2001/XMLSchema-instance"
    xsi:schemaLocation="http://www.loc.gov/MARC21/slim http://www.loc.gov/standards/marcxml/schema/MARC21slim.xsd"
    xmlns="http://www.loc.gov/MARC21/slim">

  <leader>01679cam a2200289 i 4500</leader>
  <controlfield tag="003">SA-RiAUC</controlfield>
  <controlfield tag="005">20250129080205.0</controlfield>
  <controlfield tag="008">250126s1994    sy     g      00000 ara c</controlfield>
  <datafield tag="040" ind1=" " ind2=" ">
    <subfield code="a">SA-RiIMS</subfield>
    <subfield code="b">ara</subfield>
    <subfield code="c">SA-RiAUC</subfield>
    <subfield code="e">rda</subfield>
  </datafield>
  <datafield tag="043" ind1=" " ind2=" ">
    <subfield code="a">a-su---</subfield>
  </datafield>
  <datafield tag="082" ind1="0" ind2="4">
    <subfield code="a">953.122</subfield>
  </datafield>
  <datafield tag="090" ind1=" " ind2=" ">
    <subfield code="a">953.122</subfield>
    <subfield code="b">&#x634; &#x631; &#x627;</subfield>
  </datafield>
  <datafield tag="100" ind1="1" ind2=" ">
    <subfield code="a">&#x634;&#x631;&#x627;&#x628;&#x60C; &#x645;&#x62D;&#x645;&#x62F; &#x645;&#x62D;&#x645;&#x62F; &#x62D;&#x633;&#x646;&#x60C;</subfield>
    <subfield code="d">1938-2013</subfield>
    <subfield code="e">&#x645;&#x624;&#x644;&#x641;.</subfield>
  </datafield>
  <datafield tag="245" ind1="1" ind2="2">
    <subfield code="a">&#x627;&#x644;&#x645;&#x62F;&#x64A;&#x646;&#x629; &#x627;&#x644;&#x646;&#x628;&#x648;&#x64A;&#x629; &#x641;&#x64A; &#x641;&#x62C;&#x631; &#x627;&#x644;&#x625;&#x633;&#x644;&#x627;&#x645; &#x648;&#x627;&#x644;&#x639;&#x635;&#x631; &#x627;&#x644;&#x631;&#x627;&#x634;&#x62F;&#x64A; :</subfield>
    <subfield code="b">&#x627;&#x644;&#x631;&#x648;&#x627;&#x64A;&#x629; &#x627;&#x644;&#x635;&#x62D;&#x64A;&#x62D;&#x64A;&#x629; &#x644;&#x644;&#x62A;&#x627;&#x631;&#x64A;&#x62E; &#x627;&#x644;&#x62D;&#x636;&#x627;&#x631;&#x64A; &#x627;&#x644;&#x633;&#x64A;&#x627;&#x633;&#x64A; &#x648;&#x627;&#x644;&#x627;&#x642;&#x62A;&#x635;&#x627;&#x62F;&#x64A; &#x648;&#x627;&#x644;&#x625;&#x62F;&#x627;&#x631;&#x64A; &#x648;&#x627;&#x644;&#x627;&#x62C;&#x62A;&#x645;&#x627;&#x639;&#x64A; &#x648;&#x627;&#x644;&#x639;&#x644;&#x645;&#x64A; &#x644;&#x644;&#x645;&#x62F;&#x64A;&#x646;&#x629; &#x627;&#x644;&#x645;&#x646;&#x648;&#x631;&#x629; /</subfield>
    <subfield code="c">&#x62A;&#x623;&#x644;&#x64A;&#x641; &#x645;&#x62D;&#x645;&#x62F; &#x645;&#x62D;&#x645;&#x62F; &#x62D;&#x633;&#x646; &#x634;&#x631;&#x627;&#x628;.</subfield>
  </datafield>
  <datafield tag="250" ind1=" " ind2=" ">
    <subfield code="a">&#x627;&#x644;&#x637;&#x628;&#x639;&#x629; &#x627;&#x644;&#x623;&#x648;&#x644;&#x649;.</subfield>
  </datafield>
  <datafield tag="264" ind1=" " ind2="1">
    <subfield code="a">&#x62F;&#x645;&#x634;&#x642; :</subfield>
    <subfield code="a">&#x628;&#x64A;&#x631;&#x648;&#x62A; :</subfield>
    <subfield code="b">&#x62F;&#x627;&#x631; &#x627;&#x644;&#x642;&#x644;&#x645; &#x61B;</subfield>
    <subfield code="b">&#x627;&#x644;&#x62F;&#x627;&#x631; &#x627;&#x644;&#x634;&#x627;&#x645;&#x64A;&#x629;&#x60C;</subfield>
    <subfield code="c">1994</subfield>
  </datafield>
  <datafield tag="300" ind1=" " ind2=" ">
    <subfield code="a">2 &#x645;&#x62C;&#x644;&#x62F; &#x61B;</subfield>
    <subfield code="c">24 &#x633;&#x645;</subfield>
  </datafield>
  <datafield tag="336" ind1=" " ind2=" ">
    <subfield code="a">&#x646;&#x635;</subfield>
    <subfield code="b">txt</subfield>
    <subfield code="2">rdacontent</subfield>
    <subfield code="3">&#x643;&#x62A;&#x627;&#x628;</subfield>
  </datafield>
  <datafield tag="337" ind1=" " ind2=" ">
    <subfield code="a">&#x628;&#x62F;&#x648;&#x646; &#x648;&#x633;&#x64A;&#x637;</subfield>
    <subfield code="b">n</subfield>
    <subfield code="2">rdamedia</subfield>
  </datafield>
  <datafield tag="338" ind1=" " ind2=" ">
    <subfield code="a">&#x645;&#x62C;&#x644;&#x62F;</subfield>
    <subfield code="b">nc</subfield>
    <subfield code="2">rdacarrier</subfield>
  </datafield>
  <datafield tag="651" ind1=" " ind2="7">
    <subfield code="a">&#x627;&#x644;&#x645;&#x62F;&#x64A;&#x646;&#x629; &#x627;&#x644;&#x645;&#x646;&#x648;&#x631;&#x629;</subfield>
    <subfield code="x">&#x62A;&#x627;&#x631;&#x64A;&#x62E;</subfield>
    <subfield code="y">&#x639;&#x635;&#x631; &#x635;&#x62F;&#x631; &#x627;&#x644;&#x625;&#x633;&#x644;&#x627;&#x645;&#x60C; 13 &#x642;&#x628;&#x644; &#x627;&#x644;&#x647;&#x62C;&#x631;&#x629;-41 &#x647;&#x62C;&#x631;&#x64A;.</subfield>
    <subfield code="2">aucsh</subfield>
  </datafield>
  <datafield tag="651" ind1=" " ind2="7">
    <subfield code="a">&#x627;&#x644;&#x645;&#x62F;&#x64A;&#x646;&#x629; &#x627;&#x644;&#x645;&#x646;&#x648;&#x631;&#x629;</subfield>
    <subfield code="x">&#x633;&#x64A;&#x627;&#x633;&#x629; &#x648;&#x62D;&#x643;&#x648;&#x645;&#x629;</subfield>
    <subfield code="x">&#x62A;&#x627;&#x631;&#x64A;&#x62E;</subfield>
    <subfield code="y">&#x639;&#x635;&#x631; &#x635;&#x62F;&#x631; &#x627;&#x644;&#x625;&#x633;&#x644;&#x627;&#x645;&#x60C; 13 &#x642;&#x628;&#x644; &#x627;&#x644;&#x647;&#x62C;&#x631;&#x629;-41 &#x647;&#x62C;&#x631;&#x64A;.</subfield>
    <subfield code="2">aucsh</subfield>
  </datafield>
  <datafield tag="651" ind1=" " ind2="7">
    <subfield code="a">&#x627;&#x644;&#x645;&#x62F;&#x64A;&#x646;&#x629; &#x627;&#x644;&#x645;&#x646;&#x648;&#x631;&#x629;</subfield>
    <subfield code="x">&#x623;&#x62D;&#x648;&#x627;&#x644; &#x627;&#x642;&#x62A;&#x635;&#x627;&#x62F;&#x64A;&#x629;</subfield>
    <subfield code="y">&#x639;&#x635;&#x631; &#x635;&#x62F;&#x631; &#x627;&#x644;&#x625;&#x633;&#x644;&#x627;&#x645;&#x60C; 13 &#x642;&#x628;&#x644; &#x627;&#x644;&#x647;&#x62C;&#x631;&#x629;-41 &#x647;&#x62C;&#x631;&#x64A;.</subfield>
    <subfield code="2">aucsh</subfield>
  </datafield>
  <datafield tag="651" ind1=" " ind2="7">
    <subfield code="a">&#x627;&#x644;&#x645;&#x62F;&#x64A;&#x646;&#x629; &#x627;&#x644;&#x645;&#x646;&#x648;&#x631;&#x629;</subfield>
    <subfield code="x">&#x623;&#x62D;&#x648;&#x627;&#x644; &#x627;&#x62C;&#x62A;&#x645;&#x627;&#x639;&#x64A;&#x629;</subfield>
    <subfield code="y">&#x639;&#x635;&#x631; &#x635;&#x62F;&#x631; &#x627;&#x644;&#x625;&#x633;&#x644;&#x627;&#x645;&#x60C; 13 &#x642;&#x628;&#x644; &#x627;&#x644;&#x647;&#x62C;&#x631;&#x629;-41 &#x647;&#x62C;&#x631;&#x64A;.</subfield>
    <subfield code="2">aucsh</subfield>
  </datafield>
  <datafield tag="942" ind1=" " ind2=" ">
    <subfield code="2">ddc</subfield>
    <subfield code="c">BOOK</subfield>
    <subfield code="n">0</subfield>
  </datafield>
  <datafield tag="949" ind1=" " ind2=" ">
    <subfield code="a">SA-JeALM</subfield>
    <subfield code="d">250126</subfield>
    <subfield code="u">osman123</subfield>
    <subfield code="n">1</subfield>
  </datafield>
  <datafield tag="952" ind1=" " ind2=" ">
    <subfield code="0">0</subfield>
    <subfield code="1">0</subfield>
    <subfield code="2">ddc</subfield>
    <subfield code="3">&#x627;&#x644;&#x645;&#x62C;&#x644;&#x62F; &#x627;&#x644;&#x627;&#x648;&#x644; </subfield>
    <subfield code="4">0</subfield>
    <subfield code="7">0</subfield>
    <subfield code="a">WAHAB</subfield>
    <subfield code="b">WAHAB</subfield>
    <subfield code="d">2025-01-29</subfield>
    <subfield code="l">0</subfield>
    <subfield code="o">953.122 &#x634; &#x631; &#x627;</subfield>
    <subfield code="p">000008561</subfield>
    <subfield code="r">2025-01-29 08:02:49</subfield>
    <subfield code="w">2025-01-29</subfield>
    <subfield code="y">BOOK</subfield>
  </datafield>
  <datafield tag="952" ind1=" " ind2=" ">
    <subfield code="0">0</subfield>
    <subfield code="1">0</subfield>
    <subfield code="2">ddc</subfield>
    <subfield code="3">&#x627;&#x644;&#x645;&#x62C;&#x644;&#x62F; &#x627;&#x644;&#x62B;&#x627;&#x646;&#x64A;</subfield>
    <subfield code="4">0</subfield>
    <subfield code="7">0</subfield>
    <subfield code="a">WAHAB</subfield>
    <subfield code="b">WAHAB</subfield>
    <subfield code="d">2025-07-29</subfield>
    <subfield code="l">0</subfield>
    <subfield code="o">953.122 &#x634; &#x631; &#x627;</subfield>
    <subfield code="p">000016860</subfield>
    <subfield code="r">2025-07-29 05:38:43</subfield>
    <subfield code="w">2025-07-29</subfield>
    <subfield code="y">BOOK</subfield>
  </datafield>
  <datafield tag="952" ind1=" " ind2=" ">
    <subfield code="0">0</subfield>
    <subfield code="1">0</subfield>
    <subfield code="2">ddc</subfield>
    <subfield code="3">&#x627;&#x644;&#x645;&#x62C;&#x644;&#x62F; &#x627;&#x644;&#x627;&#x648;&#x644;</subfield>
    <subfield code="4">0</subfield>
    <subfield code="7">0</subfield>
    <subfield code="a">WAHAB</subfield>
    <subfield code="b">WAHAB</subfield>
    <subfield code="d">2025-07-29</subfield>
    <subfield code="l">0</subfield>
    <subfield code="o">953.122 &#x634; &#x631; &#x627;</subfield>
    <subfield code="p">000016861</subfield>
    <subfield code="r">2025-07-29 05:38:43</subfield>
    <subfield code="w">2025-07-29</subfield>
    <subfield code="y">BOOK</subfield>
  </datafield>
  <datafield tag="952" ind1=" " ind2=" ">
    <subfield code="0">0</subfield>
    <subfield code="1">0</subfield>
    <subfield code="2">ddc</subfield>
    <subfield code="3">&#x627;&#x644;&#x645;&#x62C;&#x644;&#x62F; &#x627;&#x644;&#x62B;&#x627;&#x646;&#x64A;</subfield>
    <subfield code="4">0</subfield>
    <subfield code="7">0</subfield>
    <subfield code="a">WAHAB</subfield>
    <subfield code="b">WAHAB</subfield>
    <subfield code="d">2025-07-29</subfield>
    <subfield code="l">0</subfield>
    <subfield code="o">953.122 &#x634; &#x631; &#x627;</subfield>
    <subfield code="p">000016862</subfield>
    <subfield code="r">2025-07-29 05:38:43</subfield>
    <subfield code="w">2025-07-29</subfield>
    <subfield code="y">BOOK</subfield>
  </datafield>
  <datafield tag="999" ind1=" " ind2=" ">
    <subfield code="c">5408</subfield>
    <subfield code="d">5408</subfield>
  </datafield>
</record>
